000 00268nam a22001097a 4500
100 _aProf. Amir Ali Khan
245 _aDictionary of linguistics terms
260 _aIslamabad:
_bMuqtadra qaumi zuban
_c2010
300 _a257p
563 _aHB
942 _2ddc
_cBK
999 _c614721
_d614721